000
00271 a2200133 4500
001
194841
040
_c
Magnum
100
_a
Macedo, Joaquim Manuel
240
1
0
_a
A moreninha
_l
por
245
1
0
_a
A moreninha
300
_a
100
697
_a
LITERATURA GERAL
942
_c
BK
999
_c
194841
_d
194841